000 00317nam a22001337a 4500
008 170322b xxu||||| |||| 00| 0 eng d
020 _a9780873225885
041 _aeng
080 _23RD
_a616.12-008-073
100 _a7
101 _aSHM
245 _aHEART DISEASE AND REHABILITATION
_cPOLLOCK, M.L
942 _2udc
_cBK
999 _c8322
_d8322